Theory and problems of mathematical methods for business and economics (Record no. 9918)

000 -LEADER
fixed length control field 00281nam a22001217a 4500
040 ## - CATALOGING SOURCE
Transcribing agency SY
082 ## - DEWEY DECIMAL CLASSIFICATION NUMBER
Classification number 510
100 ## - MAIN ENTRY--AUTHOR NAME
Personal name EDWARD T
245 ## - TITLE STATEMENT
Title Theory and problems of mathematical methods for business and economics
260 ## - PUBLICATION, DISTRIBUTION, ETC. (IMPRINT)
Place of publication NEW YORK
Name of publisher EDW
Year of publication 1993
300 ## - PHYSICAL DESCRIPTION
Number of Pages 384p.
942 ## - ADDED ENTRY ELEMENTS (KOHA)
Koha item type សៀវភៅភាសាអង់គ្លេស
952 ## - LOCATION AND ITEM INFORMATION (KOHA)
Withdrawn status [LOCAL, KOHA] 0
952 ## - LOCATION AND ITEM INFORMATION (KOHA)
Withdrawn status [LOCAL, KOHA] 0
Holdings
Permanent Location Date acquired Koha item type Lost status Shelving location Barcode Current Location Full call number
Library Block C2016-09-15សៀវភៅភាសាអង់គ្លេស C173RUA036612Library Block C510 EDW 1993
Library Block C2016-10-14សៀវភៅភាសាអង់គ្លេស C173RUA036492Library Block C510 EDW 1993
មជ្ឈមណ្ឌលឯការនៃសាកលវិទ្យាល័យភូមិន្ទកសិកម្មចំការដូង

Powered by Koha